| 000 | 01909nam a2200361 a 4500 | ||
|---|---|---|---|
| 001 | ebr10461405 | ||
| 003 | CaPaEBR | ||
| 006 | m u | ||
| 007 | cr cn||||||||| | ||
| 008 | 090126s2009 ne sb 001 0 eng d | ||
| 010 | _z 2009003130 | ||
| 020 | _z9789004174115 (hardback : alk. paper) | ||
| 020 | _z9004174117 (hardback : alk. paper) | ||
| 020 | _z9789047444473 (e-book) | ||
| 040 |
_aCaPaEBR _cCaPaEBR |
||
| 035 | _a(OCoLC)711004346 | ||
| 050 | 1 | 4 |
_aPA8133.P76 _bB35 2009eb |
| 082 | 0 | 4 |
_a809/.02 _222 |
| 100 | 1 | _aBalint, Bridget K. | |
| 245 | 1 | 0 |
_aOrdering chaos _h[electronic resource] : _bthe self and the cosmos in twelfth-century Latin prosimetrum / _cby Bridget K. Balint. |
| 260 |
_aLeiden ; _aBoston : _bBrill, _c2009. |
||
| 300 | _ax, 242 p. | ||
| 490 | 1 |
_aMedieval and Renaissance authors and texts, _x0925-7683 ; _vv. 3 |
|
| 504 | _aIncludes bibliographical references (p. [225]-235) and index. | ||
| 505 | 0 | _aThe writing of prosimetrum in the Middle Ages -- The authority of the consolation -- The interlocutors -- Situating the self -- Truth and instability in the prosimetra -- Fabulous philosophizing after 1170 -- Prose and poetry in the prosimetra -- Hildebert of Lavardin, The complaint and quarrel of the body and the soul -- Lawrence of Durham, Consolation on the death of a friend. | |
| 533 |
_aElectronic reproduction. _bPalo Alto, Calif. : _cebrary, _d2013. _nAvailable via World Wide Web. _nAccess may be limited to ebrary affiliated libraries. |
||
| 650 | 0 |
_aProse poems, Latin (Medieval and modern) _xHistory and criticism. |
|
| 650 | 0 |
_aLiterature, Medieval _xHistory and criticism. |
|
| 655 | 7 |
_aElectronic books. _2local |
|
| 710 | 2 | _aebrary, Inc. | |
| 830 | 0 |
_aMedieval and Renaissance authors and texts ; _vv. 3. |
|
| 856 | 4 | 0 |
_uhttp://site.ebrary.com/lib/rucke/Doc?id=10461405 _zAn electronic book accessible through the World Wide Web; click to view |
| 999 |
_c130274 _d130274 |
||